[Event "12. Open de Sants 2010"]
[Site "Barcelona ESP"]
[Date "2010.08.26"]
[Round "7.10"]
[White "Nijboer, Friso"]
[Black "Zoler, Dan"]
[Result "1-0"]
[WhiteElo "2582"]
[BlackElo "2474"]
[PlyCount "52"]
[EventDate "2010.08.20"]
[EventType "swiss"]
[EventRounds "10"]
[EventCountry "ESP"]
[Source "lmi"]
[SourceDate "2010.08.20"]

1. e4 c5 2. Nf3 d6 3. d4 cxd4 4. Nxd4 Nf6 5. Nc3 a6 6. Be2 e6 7. O-O Be7 8. f4
Qc7 9. Kh1 O-O 10. a4 Nc6 11. Be3 Re8 12. Qd2 Bd7 13. Nf3 Rad8 14. Bd3 Bc8 15.
Qe2 Nd7 16. f5 Nde5 17. a5 Nxa5 18. Nxe5 dxe5 19. f6 Bxf6 20. Rxf6 gxf6 21. Qf2
Qe7 22. Rxa5 Rd7 23. Qh4 Kh8 24. Rxe5 Qf8 25. Bh6 Qe7 26. Rh5 Qd8 1-0

[Event "12. Open de Sants 2010"]
[Site "Barcelona ESP"]
[Date "2010.08.26"]
[Round "7.11"]
[White "Breier, Andreas"]
[Black "Parligras, Mircea"]
[Result "0-1"]
[WhiteElo "2399"]
[BlackElo "2574"]
[PlyCount "128"]
[EventDate "2010.08.20"]
[EventType "swiss"]
[EventRounds "10"]
[EventCountry "ESP"]
[Source "lmi"]
[SourceDate "2010.08.20"]

1. d4 Nf6 2. c4 e6 3. Nf3 b6 4. g3 Ba6 5. b3 Bb4+ 6. Bd2 Be7 7. Bg2 c6 8. Bc3
d5 9. Ne5 Nfd7 10. Nxd7 Nxd7 11. Nd2 O-O 12. O-O Rb8 13. a4 Nf6 14. e4 c5 15.
Re1 cxd4 16. Bxd4 dxc4 17. Nxc4 Bxc4 18. bxc4 Qc7 19. Qe2 Rbc8 20. Rec1 Rfd8
21. Be3 Bc5 22. Bg5 Bd4 23. Ra2 Qc5 24. Bd2 Nd7 25. Bf1 Ne5 26. Kg2 f5 27. Bf4
Ng6 28. Bg5 Rf8 29. exf5 exf5 30. Qe6+ Kh8 31. Qd5 f4 32. Qxc5 Rxc5 33. Bxf4
Nxf4+ 34. gxf4 Rxf4 35. Bd3 Rg5+ 36. Kf1 Rfg4 37. Rb1 Rg1+ 38. Ke2 R1g2 39. Kf3
Rxh2 40. Rb5 Bc5 41. a5 g6 42. axb6 axb6 43. Be4 Rgg2 44. Rbb2 Kg7 45. Re2 Kf6
46. Bd5 h5 47. Bc6 g5 48. Rad2 g4+ 49. Kf4 Rxf2+ 50. Rxf2 Bxf2 51. Rd6+ Ke7 52.
Rd7+ Ke6 53. Rh7 Kd6 54. Be8 g3 55. Kf3 h4 56. Rh6+ Kc5 57. Rc6+ Kb4 58. Bd7
Bc5 59. Rg6 Kxc4 60. Bc6 b5 61. Rg4+ Bd4 62. Bxb5+ Kxb5 63. Rxd4 g2 64. Rd1 h3
0-1

[Event "12. Open de Sants 2010"]
[Site "Barcelona ESP"]
[Date "2010.08.26"]
[Round "7.12"]
[White "Peralta, Fernando"]
[Black "Mascaro March, Pedro"]
[Result "1-0"]
[WhiteElo "2570"]
[BlackElo "2363"]
[PlyCount "73"]
[EventDate "2010.08.20"]
[EventType "swiss"]
[EventRounds "10"]
[EventCountry "ESP"]
[Source "lmi"]
[SourceDate "2010.08.20"]

1. d4 Nf6 2. c4 e6 3. Nc3 Bb4 4. e3 b6 5. Bd3 Bb7 6. Nf3 O-O 7. O-O c5 8. Na4
cxd4 9. exd4 Be7 10. Re1 d6 11. Bf4 Nbd7 12. Rc1 Re8 13. a3 Bf8 14. Nc3 a6 15.
Bg5 h6 16. Nd2 Be7 17. Bh4 d5 18. Bg3 dxc4 19. Nxc4 Nb8 20. Qb3 b5 21. Ne5 Qxd4
22. Red1 Qb6 23. Bb1 Rd8 24. Rxd8+ Bxd8 25. Qc2 Kf8 26. Rd1 Nc6 27. Nd7+ Nxd7
28. Rxd7 Ke8 29. Rd1 f5 30. Qe2 Nd4 31. Qh5+ Kf8 32. Be5 Nc6 33. Nd5 exd5 34.
Qxf5+ Bf6 35. Bxf6 gxf6 36. Qxf6+ Ke8 37. Rxd5 1-0

[Event "12. Open de Sants 2010"]
[Site "Barcelona ESP"]
[Date "2010.08.26"]
[Round "7.14"]
[White "Lanzani, Mario"]
[Black "Narciso Dublan, Marc"]
[Result "0-1"]
[WhiteElo "2362"]
[BlackElo "2540"]
[PlyCount "62"]
[EventDate "2010.08.20"]
[EventType "swiss"]
[EventRounds "10"]
[EventCountry "ESP"]
[Source "lmi"]
[SourceDate "2010.08.20"]

1. e4 e6 2. d4 d5 3. Nd2 Nf6 4. e5 Nfd7 5. Bd3 c5 6. c3 Nc6 7. Ne2 a5 8. O-O
cxd4 9. cxd4 Nb6 10. Nf3 Be7 11. Nc3 a4 12. Qe2 Bd7 13. g3 Nb4 14. h4 Nxd3 15.
Qxd3 h6 16. Be3 Nc4 17. b3 Nxe3 18. fxe3 axb3 19. a4 Qb6 20. Rfb1 O-O 21. Nb5
Rfc8 22. Rxb3 Qa6 23. a5 Rc4 24. Nd6 Bxd6 25. exd6 Qxd6 26. Kg2 b5 27. Ne5 Be8
28. Qd2 Ra4 29. Rxa4 bxa4 30. Rb6 Qc7 31. Qb2 a3 0-1

[Event "12. Open de Sants 2010"]
[Site "Barcelona ESP"]
[Date "2010.08.26"]
[Round "7.15"]
[White "Kanarek, Marcel"]
[Black "Cuartas, Jaime Alexander"]
[Result "1/2-1/2"]
[WhiteElo "2387"]
[BlackElo "2529"]
[PlyCount "77"]
[EventDate "2010.08.20"]
[EventType "swiss"]
[EventRounds "10"]
[EventCountry "ESP"]
[Source "lmi"]
[SourceDate "2010.08.20"]

1. e4 c5 2. Nf3 Nc6 3. Nc3 Nf6 4. d4 cxd4 5. Nxd4 e6 6. Ndb5 Bb4 7. a3 Bxc3+ 8.
Nxc3 d5 9. exd5 exd5 10. Bd3 O-O 11. O-O d4 12. Ne2 Bg4 13. Bg5 Qd6 14. Qd2
Rfe8 15. f3 Bh5 16. Qf4 Rad8 17. Qxd6 Rxd6 18. Nf4 Bg6 19. Nxg6 hxg6 20. Rae1
Rde6 21. Rxe6 Rxe6 22. Bxf6 gxf6 23. f4 f5 24. Kf2 Kf8 25. Re1 Rd6 26. Kf3 Ne7
27. h3 Rb6 28. b3 Nd5 29. Re5 Rd6 30. g4 fxg4+ 31. hxg4 b6 32. g5 Nc3 33. f5
gxf5 34. Rxf5 Kg7 35. Bc4 Rd7 36. Kf4 Rc7 37. Ke5 Rc5+ 38. Kf4 Rc7 39. Ke5
1/2-1/2

[Event "12. Open de Sants 2010"]
[Site "Barcelona ESP"]
[Date "2010.08.26"]
[Round "7.16"]
[White "Reinaldo Castineira, Roi"]
[Black "Perpinya Rofes, Lluis Maria"]
[Result "1-0"]
[WhiteElo "2511"]
[BlackElo "2344"]
[PlyCount "95"]
[EventDate "2010.08.20"]
[EventType "swiss"]
[EventRounds "10"]
[EventCountry "ESP"]
[Source "lmi"]
[SourceDate "2010.08.20"]

1. e4 c5 2. Nc3 Nc6 3. Bb5 Nd4 4. Bc4 e6 5. Nf3 Nf6 6. O-O a6 7. d3 b5 8. Bb3
Nxb3 9. axb3 Bb7 10. e5 b4 11. Nb1 Nd5 12. Nbd2 Be7 13. Nc4 Rb8 14. Ng5 O-O 15.
Qh5 Bxg5 16. Qxg5 f6 17. Qg3 fxe5 18. Qxe5 Qc7 19. Ra5 Qc6 20. f3 Rbc8 21. Bd2
Ne7 22. Nd6 Qc7 23. Nc4 Qxe5 24. Nxe5 d6 25. Nc4 Nc6 26. Raa1 Rcd8 27. c3 d5
28. Nb6 Ne5 29. cxb4 cxb4 30. Bxb4 Rf7 31. d4 Nc6 32. Bc5 e5 33. dxe5 Nxe5 34.
Rfd1 Nd7 35. Na4 Bc6 36. b4 Rb8 37. Nc3 Nxc5 38. bxc5 Rxb2 39. Rxa6 Bb7 40. Rb6
Rc2 41. c6 Ba8 42. Rd3 Ra7 43. h4 d4 44. Nb5 Ra1+ 45. Kh2 Rxc6 46. Rb8+ Kf7 47.
Rxd4 Re6 48. Nc7 1-0

[Event "12. Open de Sants 2010"]
[Site "Barcelona ESP"]
[Date "2010.08.26"]
[Round "7.17"]
[White "Panelo Muñoz, Marcelo A"]
[Black "Stromboli, Carlo"]
[Result "1-0"]
[WhiteElo "2327"]
[BlackElo "2285"]
[PlyCount "107"]
[EventDate "2010.08.20"]
[EventType "swiss"]
[EventRounds "10"]
[EventCountry "ESP"]
[Source "lmi"]
[SourceDate "2010.08.20"]

1. Nf3 Nf6 2. c4 b6 3. g3 Bb7 4. Bg2 e6 5. O-O Be7 6. Nc3 O-O 7. Re1 d5 8. cxd5
exd5 9. d4 Nbd7 10. Bf4 Ne4 11. Qc2 Ndf6 12. Nxe4 dxe4 13. Ng5 Nd5 14. Nxe4
Nxf4 15. gxf4 f5 16. Qc4+ Kh8 17. Ng3 Bxg2 18. Kxg2 Bd6 19. e3 Qd7 20. h4 a5
21. Rac1 a4 22. h5 Rf6 23. Rc2 b5 24. Qd5 Rb8 25. Rec1 Qf7 26. Qxf7 Rxf7 27.
Rc6 Ra8 28. Ne2 b4 29. Ng1 Rf6 30. Nf3 Rh6 31. Ne5 Kg8 32. Nc4 Bxf4 33. Rc5 Bg5
34. Rxf5 Be7 35. Ne5 g6 36. hxg6 hxg6 37. Ng4 Rh4 38. Rf4 g5 39. Nf6+ Kf7 40.
Rxh4 gxh4 41. Nd5 Bd6 42. e4 b3 43. axb3 axb3 44. e5 Ke6 45. Nf4+ Kf5 46. exd6
cxd6 47. Kf3 Ra4 48. Ne2 h3 49. Rc3 Ra1 50. Kg3 Rf1 51. Rc1 Rxc1 52. Nxc1 Ke4
53. Nxb3 d5 54. Kxh3 1-0

[Event "12. Open de Sants 2010"]
[Site "Barcelona ESP"]
[Date "2010.08.26"]
[Round "7.19"]
[White "Richter, Michael"]
[Black "Albets Armengol, Roland"]
[Result "1-0"]
[WhiteElo "2428"]
[BlackElo "2133"]
[PlyCount "45"]
[EventDate "2010.08.20"]
[EventType "swiss"]
[EventRounds "10"]
[EventCountry "ESP"]
[Source "lmi"]
[SourceDate "2010.08.20"]

1. d4 g6 2. c4 Bg7 3. Nc3 d6 4. e4 Nf6 5. Nf3 O-O 6. Be2 Na6 7. Bf4 Qe8 8. e5
Nh5 9. Be3 c5 10. exd6 exd6 11. O-O Nf6 12. Bf4 Qd8 13. Nb5 cxd4 14. Bxd6 Re8
15. Ba3 Ne4 16. Nfxd4 Qf6 17. Bf3 Nec5 18. Qc2 Bd7 19. Rad1 Qb6 20. b4 Ne6 21.
Nxe6 Bxe6 22. Rd6 Bf5 23. Qb3 1-0

[Event "12. Open de Sants 2010"]
[Site "Barcelona ESP"]
[Date "2010.08.26"]
[Round "7.21"]
[White "Oms Fuentes, Lluis"]
[Black "Vidarte Morales, Arturo"]
[Result "0-1"]
[WhiteElo "2360"]
[BlackElo "2409"]
[PlyCount "64"]
[EventDate "2010.08.20"]
[EventType "swiss"]
[EventRounds "10"]
[EventCountry "ESP"]
[Source "lmi"]
[SourceDate "2010.08.20"]

1. e4 c5 2. Nf3 e6 3. d4 cxd4 4. Nxd4 a6 5. Bd3 Bc5 6. Nb3 Be7 7. Nc3 d6 8. O-O
Nd7 9. f4 Qc7 10. Be3 Ngf6 11. a4 b6 12. Qe2 Bb7 13. Rae1 O-O 14. Bf2 e5 15. f5
Rfe8 16. Rd1 d5 17. exd5 e4 18. Nxe4 Bd6 19. Qf3 Bxh2+ 20. Kh1 Bxd5 21. Nxf6+
Nxf6 22. Qh3 Be5 23. Nd4 Ne4 24. Nf3 Bf6 25. b3 Nxf2+ 26. Rxf2 Qc5 27. Rdf1 Re3
28. Qh5 h6 29. Nh2 Rg3 30. Be2 Rg5 31. Qh3 Bd4 32. Nf3 Bxf2 0-1

[Event "12. Open de Sants 2010"]
[Site "Barcelona ESP"]
[Date "2010.08.26"]
[Round "7.22"]
[White "Sgnaolin, Davide"]
[Black "Lorenzo De La Riva, Lazaro"]
[Result "1/2-1/2"]
[WhiteElo "2255"]
[BlackElo "2407"]
[PlyCount "93"]
[EventDate "2010.08.20"]
[EventType "swiss"]
[EventRounds "10"]
[EventCountry "ESP"]
[Source "lmi"]
[SourceDate "2010.08.20"]

1. e4 g6 2. d4 Bg7 3. Nf3 d6 4. Nc3 a6 5. a4 Nf6 6. Be2 O-O 7. O-O Nc6 8. d5
Nb8 9. a5 e6 10. Nd2 exd5 11. exd5 Nbd7 12. Nc4 Re8 13. Be3 Ne4 14. Nxe4 Rxe4
15. Qd3 Re8 16. Bf3 Ne5 17. Nxe5 Bxe5 18. c3 Bd7 19. Rfe1 Bb5 20. Qd2 Qh4 21.
g3 Qf6 22. Bg2 Qf5 23. Rec1 Rad8 24. c4 Bd7 25. Rab1 h5 26. h4 c6 27. b4 Re7
28. c5 cxd5 29. cxd6 Re6 30. Bb6 Rde8 31. Bxd5 Rxd6 32. Qa2 Rxd5 33. Qxd5 Bc6
34. Qd1 Be4 35. Kh2 Qf6 36. Kg1 Qf5 37. Kh2 Bxb1 38. Rxb1 Bc3 39. Qf1 Qc2 40.
Rc1 Qb2 41. Rb1 Qe2 42. Qxe2 Rxe2 43. Kg2 f6 44. Rb3 Rc2 45. b5 Kf7 46. bxa6
bxa6 47. Be3 1/2-1/2

[Event "12. Open de Sants 2010"]
[Site "Barcelona ESP"]
[Date "2010.08.26"]
[Round "7.24"]
[White "Stromboli, Carlo"]
[Black "Mamedov, Nidjat"]
[Result "0-1"]
[WhiteElo "2285"]
[BlackElo "2604"]
[PlyCount "106"]
[EventDate "2010.08.20"]
[EventType "swiss"]
[EventRounds "10"]
[EventCountry "ESP"]
[Source "lmi"]
[SourceDate "2010.08.20"]

1. e4 c5 2. Nf3 d6 3. d4 cxd4 4. Nxd4 Nf6 5. Nc3 Nc6 6. Bg5 e6 7. Nxc6 bxc6 8.
Bd3 Be7 9. Qf3 e5 10. Bc4 O-O 11. O-O Kh8 12. h3 Ne8 13. Bxe7 Qxe7 14. Rfe1 Bb7
15. Rad1 f5 16. exf5 g6 17. Qd3 gxf5 18. Ba6 Rb8 19. Bxb7 Rxb7 20. Qc4 Rxb2 21.
Rb1 Qb7 22. f4 e4 23. Qd4+ Kg8 24. Qc4+ Rf7 25. Rxb2 Qxb2 26. Qxc6 Nf6 27. Nb5
Rd7 28. Kh2 Qxa2 29. Nxd6 Qe6 30. Qc8+ Kg7 31. Nc4 Qd5 32. Re3 Rd8 33. Qc7+ Rd7
34. Qc8 Rd8 35. Qc7+ Qd7 36. Rg3+ Ng4+ 37. Rxg4+ fxg4 38. Qe5+ Kf7 39. Qh5+ Kf8
40. Ne5 g3+ 41. Kxg3 Qg7+ 42. Kf2 Qf6 43. Ke3 Kg7 44. Kxe4 a5 45. Qg4+ Kh8 46.
Qf3 Rf8 47. c4 a4 48. g3 Qf5+ 49. Kd5 Rd8+ 50. Kc5 Qf8+ 51. Kb5 Rb8+ 52. Kc6
Qc8+ 53. Kd5 Qb7+ 0-1

[Event "12. Open de Sants 2010"]
[Site "Barcelona ESP"]
[Date "2010.08.27"]
[Round "8.1"]
[White "Handke, Florian"]
[Black "Rodshtein, Maxim"]
[Result "0-1"]
[WhiteElo "2494"]
[BlackElo "2609"]
[PlyCount "70"]
[EventDate "2010.08.20"]
[EventType "swiss"]
[EventRounds "10"]
[EventCountry "ESP"]
[Source "lmi"]
[SourceDate "2010.08.20"]

1. e4 c6 2. d4 d5 3. e5 Bf5 4. Nf3 e6 5. Be2 Nd7 6. O-O Ne7 7. Nbd2 h6 8. Nb3
g5 9. a4 Bg7 10. a5 a6 11. h3 O-O 12. Bd3 Qc7 13. Re1 Rac8 14. Be3 Bg6 15. Bxg6
Nxg6 16. Rc1 f6 17. exf6 Rxf6 18. Nh2 Rf5 19. Nf1 Rcf8 20. Ng3 R5f7 21. Qg4 e5
22. Nh5 Kh7 23. Nxg7 Rxg7 24. c4 Nf6 25. Qe2 e4 26. Nc5 Qf7 27. cxd5 cxd5 28.
f3 Nh4 29. fxe4 g4 30. Qf2 gxh3 31. Qxh4 Rxg2+ 32. Kh1 Ng4 33. Qxh3 Rh2+ 34.
Qxh2 Nxh2 35. Kxh2 Rg8 0-1

[Event "12. Open de Sants 2010"]
[Site "Barcelona ESP"]
[Date "2010.08.27"]
[Round "8.2"]
[White "Bluvshtein, Mark"]
[Black "Perez Mitjans, Orelvis"]
[Result "0-1"]
[WhiteElo "2583"]
[BlackElo "2424"]
[PlyCount "114"]
[EventDate "2010.08.20"]
[EventType "swiss"]
[EventRounds "10"]
[EventCountry "ESP"]
[Source "lmi"]
[SourceDate "2010.08.20"]

1. d4 Nf6 2. c4 c5 3. d5 b5 4. cxb5 a6 5. bxa6 g6 6. Nc3 Bxa6 7. Nf3 d6 8. g3
Bg7 9. Bg2 Nbd7 10. Rb1 Nb6 11. b3 O-O 12. O-O Bb7 13. Nh4 Qd7 14. Bb2 h6 15.
e4 Ba6 16. Re1 Ng4 17. Ne2 Ne5 18. Nc1 Qg4 19. Qc2 Bc8 20. h3 Qh5 21. f4 g5 22.
Bxe5 Bxe5 23. Bf3 g4 24. hxg4 Bxg4 25. Bxg4 Bd4+ 26. Kg2 Qxg4 27. Nf5 Bg7 28.
Nxe7+ Kh8 29. Nd3 c4 30. bxc4 Ra3 31. Rxb6 Rfa8 32. e5 dxe5 33. fxe5 Bf8 34. d6
Rxd3 35. Qxd3 Rxa2+ 36. Kg1 Qh5 37. Re2 Rxe2 38. Qxe2 Qxe2 39. Rb8 Qe3+ 40. Kh2
Qf2+ 41. Kh3 Kg7 42. c5 Qf1+ 43. Kg4 h5+ 44. Kxh5 Qh3+ 45. Kg5 Qxg3+ 46. Kf5
Qf3+ 47. Kg5 f6+ 48. Kh4 Qe4+ 49. Kh3 Qxe5 50. c6 Bxe7 51. c7 Bxd6 52. Rg8+
Kxg8 53. c8=Q+ Kg7 54. Kg2 Qe2+ 55. Kg1 Bg3 56. Qh3 Qf2+ 57. Kh1 Qf3+ 0-1

[Event "12. Open de Sants 2010"]
[Site "Barcelona ESP"]
[Date "2010.08.27"]
[Round "8.3"]
[White "Barrientos, Sergio E"]
[Black "Khmelniker, Ilya"]
[Result "1/2-1/2"]
[WhiteElo "2477"]
[BlackElo "2483"]
[PlyCount "60"]
[EventDate "2010.08.20"]
[EventType "swiss"]
[EventRounds "10"]
[EventCountry "ESP"]
[Source "lmi"]
[SourceDate "2010.08.20"]

1. e4 e5 2. Nf3 Nc6 3. Bb5 a6 4. Ba4 Nf6 5. O-O Nxe4 6. d4 b5 7. Bb3 d5 8. dxe5
Be6 9. Qe2 Be7 10. Rd1 O-O 11. c4 bxc4 12. Bxc4 Bc5 13. Be3 Bxe3 14. Qxe3 Qb8
15. Bb3 Qb6 16. Qxb6 cxb6 17. Nbd2 Nc5 18. Bc2 d4 19. Nb3 Bxb3 20. Bxb3 Nxb3
21. axb3 Rfd8 22. Rac1 Rac8 23. Kf1 d3 24. Rc3 Nb4 25. Ke1 Kf8 26. Kd2 Na2 27.
Rxc8 Rxc8 28. Kxd3 Nc1+ 29. Ke3 Nxb3 30. Rd7 h6 1/2-1/2

[Event "12. Open de Sants 2010"]
[Site "Barcelona ESP"]
[Date "2010.08.27"]
[Round "8.4"]
[White "Oms Pallisse, Josep"]
[Black "Markowski, Tomasz"]
[Result "1/2-1/2"]
[WhiteElo "2494"]
[BlackElo "2628"]
[PlyCount "80"]
[EventDate "2010.08.20"]
[EventType "swiss"]
[EventRounds "10"]
[EventCountry "ESP"]
[Source "lmi"]
[SourceDate "2010.08.20"]

1. d4 d6 2. Nf3 g6 3. c4 Bg7 4. Nc3 Bg4 5. e3 Nf6 6. Be2 O-O 7. O-O Re8 8. h3
Bf5 9. d5 e5 10. dxe6 Bxe6 11. Nd4 Bd7 12. Bf3 Nc6 13. Nxc6 Bxc6 14. Bxc6 bxc6
15. Qf3 c5 16. Bd2 Qe7 17. Rac1 Ne4 18. Nxe4 Qxe4 19. Qxe4 Rxe4 20. Ba5 Re7 21.
Rc2 Rb8 22. b3 Kf8 23. Rd1 Ke8 24. g4 Kd7 25. Kg2 Kc6 26. h4 Bf6 27. Rh1 h5 28.
gxh5 gxh5 29. Kf3 Rg8 30. Bc3 Re6 31. Ke2 Rg4 32. Bxf6 Rxf6 33. Rd2 Rf5 34. Rh2
Re5 35. f3 Rg1 36. Kf2 Ra1 37. f4 Re8 38. Kf3 Rf1+ 39. Rhf2 Rh1 40. Rh2 Rf1+
1/2-1/2

[Event "12. Open de Sants 2010"]
[Site "Barcelona ESP"]
[Date "2010.08.27"]
[Round "8.5"]
[White "Escobar Forero, Alder"]
[Black "Nijboer, Friso"]
[Result "0-1"]
[WhiteElo "2474"]
[BlackElo "2582"]
[PlyCount "54"]
[EventDate "2010.08.20"]
[EventType "swiss"]
[EventRounds "10"]
[EventCountry "ESP"]
[Source "lmi"]
[SourceDate "2010.08.20"]

1. e4 c5 2. Nf3 d6 3. d4 cxd4 4. Nxd4 Nf6 5. Nc3 Nc6 6. Bg5 e6 7. Qd2 a6 8.
O-O-O Be7 9. f3 Nxd4 10. Qxd4 b5 11. h4 Bb7 12. h5 h6 13. Bh4 Rc8 14. Kb1 Qc7
15. Bd3 O-O 16. Ne2 Rfe8 17. g4 d5 18. g5 hxg5 19. Bxg5 dxe4 20. fxe4 Bc5 21.
Bxf6 Bxd4 22. Bxd4 f5 23. c3 e5 24. Be3 Rcd8 25. Bc2 Rxd1+ 26. Rxd1 f4 27. Bf2
Kh7 0-1

[Event "12. Open de Sants 2010"]
[Site "Barcelona ESP"]
[Date "2010.08.27"]
[Round "8.6"]
[White "Parligras, Mircea"]
[Black "Gerzhoy, Leonid"]
[Result "1/2-1/2"]
[WhiteElo "2574"]
[BlackElo "2471"]
[PlyCount "83"]
[EventDate "2010.08.20"]
[EventType "swiss"]
[EventRounds "10"]
[EventCountry "ESP"]
[Source "lmi"]
[SourceDate "2010.08.20"]

1. e4 e5 2. Nf3 Nc6 3. Bb5 a6 4. Ba4 Nf6 5. O-O Be7 6. Re1 b5 7. Bb3 d6 8. c3
O-O 9. h3 Bb7 10. d4 Re8 11. Nbd2 Bf8 12. a3 g6 13. d5 Nb8 14. Nf1 Nbd7 15.
N3h2 Nc5 16. Bc2 c6 17. b4 Ncd7 18. dxc6 Bxc6 19. Ng4 Nxg4 20. hxg4 Nb6 21. g5
d5 22. Qg4 d4 23. Qg3 Rc8 24. cxd4 exd4 25. Bd3 Nc4 26. Nh2 Ne5 27. f4 Nxd3 28.
Qxd3 Qd7 29. Bb2 Bg7 30. Rad1 Qb7 31. e5 Bxg2 32. Rd2 Bd5 33. Ng4 Qd7 34. Qg3
Qf5 35. Bxd4 Bb7 36. Bc5 Red8 37. Red1 Rxd2 38. Rxd2 Qb1+ 39. Kf2 Qh1 40. Nf6+
Bxf6 41. gxf6 Bd5 42. Re2 1/2-1/2

[Event "12. Open de Sants 2010"]
[Site "Barcelona ESP"]
[Date "2010.08.27"]
[Round "8.7"]
[White "Peralta, Fernando"]
[Black "Panelo Muñoz, Marcelo A"]
[Result "1-0"]
[WhiteElo "2570"]
[BlackElo "2327"]
[PlyCount "77"]
[EventDate "2010.08.20"]
[EventType "swiss"]
[EventRounds "10"]
[EventCountry "ESP"]
[Source "lmi"]
[SourceDate "2010.08.20"]

1. d4 d5 2. c4 e6 3. Nc3 Be7 4. cxd5 exd5 5. Bf4 Nf6 6. e3 Bf5 7. Nf3 c6 8. Bd3
Bxd3 9. Qxd3 Nbd7 10. O-O O-O 11. Rab1 a5 12. a3 Nb6 13. h3 Re8 14. Rfc1 Bd6
15. Ne5 Bxe5 16. Bxe5 Nc4 17. Bf4 Nh5 18. Bh2 a4 19. Qd1 Qg5 20. Nxa4 Re6 21.
Nc5 Rg6 22. Qg4 Qh6 23. Qe2 Qg5 24. Qg4 Qh6 25. Qf5 Nd2 26. Nxb7 Rg5 27. Qc2
Nxb1 28. Rxb1 Qe6 29. Kh1 f5 30. Nc5 Qe7 31. Rc1 Rf8 32. Qd2 Rg6 33. Nd3 Qg5
34. Rg1 Nf6 35. f3 Nh5 36. Qf2 Re6 37. Be5 Qe7 38. Rc1 Qb7 39. Nc5 1-0

[Event "12. Open de Sants 2010"]
[Site "Barcelona ESP"]
[Date "2010.08.27"]
[Round "8.8"]
[White "Narciso Dublan, Marc"]
[Black "Karlsson, Lars"]
[Result "1/2-1/2"]
[WhiteElo "2540"]
[BlackElo "2449"]
[PlyCount "82"]
[EventDate "2010.08.20"]
[EventType "swiss"]
[EventRounds "10"]
[EventCountry "ESP"]
[Source "lmi"]
[SourceDate "2010.08.20"]

1. d4 d6 2. Nf3 g6 3. c4 Bg7 4. Nc3 Nc6 5. d5 Nb8 6. e4 Bg4 7. Be2 Nd7 8. Be3
c5 9. O-O Ngf6 10. Ng5 Bxe2 11. Qxe2 h6 12. Nh3 a6 13. a4 O-O 14. f4 Qc7 15. g4
Nh7 16. Nf2 Bd4 17. Nh1 e5 18. dxe6 fxe6 19. Ng3 Ndf6 20. h3 g5 21. Kh2 Rae8
22. e5 dxe5 23. fxg5 Bxe3 24. Qxe3 Nxg5 25. Nce4 Nfxe4 26. Nxe4 Nxe4 27. Qxe4
Kg7 28. Kg3 Rxf1 29. Rxf1 Rd8 30. Re1 Rd4 31. Qxe5+ Qxe5+ 32. Rxe5 Rxc4 33.
Rxe6 h5 34. Re7+ Kf6 35. Rxb7 Rxa4 36. Rb6+ Kg7 37. Kh4 hxg4 38. hxg4 Rb4 39.
Rxa6 Rxb2 40. Kg5 c4 41. Ra7+ Kg8 1/2-1/2

[Event "12. Open de Sants 2010"]
[Site "Barcelona ESP"]
[Date "2010.08.27"]
[Round "8.9"]
[White "Richter, Michael"]
[Black "Alonso Rosell, Alvar"]
[Result "1-0"]
[WhiteElo "2428"]
[BlackElo "2521"]
[PlyCount "85"]
[EventDate "2010.08.20"]
[EventType "swiss"]
[EventRounds "10"]
[EventCountry "ESP"]
[Source "lmi"]
[SourceDate "2010.08.20"]

1. d4 Nf6 2. c4 c5 3. d5 e6 4. Nc3 exd5 5. cxd5 d6 6. Nf3 g6 7. Bf4 Bg7 8. Qa4+
Bd7 9. Qb3 Qc7 10. e4 O-O 11. Bd3 Na6 12. O-O Nh5 13. Bg5 h6 14. Be3 Rab8 15.
Rfe1 Kh7 16. h3 Rfc8 17. Qd1 Re8 18. g4 Nf6 19. Bf4 Ng8 20. Bg3 c4 21. Bc2 b5
22. e5 dxe5 23. d6 Qc6 24. Nxe5 Bxe5 25. Bxe5 Nb4 26. Be4 Qc5 27. Bd4 Qg5 28.
Bxa7 f5 29. Bxb8 fxe4 30. Nxe4 Qf4 31. Ng5+ hxg5 32. Rxe8 Nd3 33. Qe2 Qf7 34.
Re7 Nxe7 35. Qxe7 Qxe7 36. dxe7 Kg7 37. b3 c3 38. Ba7 Kf7 39. Be3 c2 40. a4 b4
41. a5 Be6 42. a6 Bxb3 43. Ra5 1-0

[Event "12. Open de Sants 2010"]
[Site "Barcelona ESP"]
[Date "2010.08.27"]
[Round "8.10"]
[White "Anikaev, Yuri N"]
[Black "Reinaldo Castineira, Roi"]
[Result "1/2-1/2"]
[WhiteElo "2411"]
[BlackElo "2511"]
[PlyCount "50"]
[EventDate "2010.08.20"]
[EventType "swiss"]
[EventRounds "10"]
[EventCountry "ESP"]
[Source "lmi"]
[SourceDate "2010.08.20"]

1. d4 e6 2. Nf3 Nf6 3. g3 b5 4. Qd3 a6 5. a4 b4 6. c4 bxc3 7. bxc3 d5 8. Bg5 a5
9. Bxf6 Qxf6 10. e4 Ba6 11. Qe3 Be7 12. Nbd2 O-O 13. Bd3 Bxd3 14. Qxd3 dxe4 15.
Qxe4 Ra7 16. O-O c5 17. Rab1 cxd4 18. Nxd4 Nd7 19. N2b3 Rc7 20. Nb5 Nc5 21. Qe3
Rcc8 22. Na7 Rc7 23. Nb5 Rcc8 24. Na7 Rc7 25. Nb5 Rcc8 1/2-1/2

[Event "12. Open de Sants 2010"]
[Site "Barcelona ESP"]
[Date "2010.08.27"]
[Round "8.11"]
[White "Vidarte Morales, Arturo"]
[Black "Martinez Duany, Lelys Stanley"]
[Result "1/2-1/2"]
[WhiteElo "2409"]
[BlackElo "2510"]
[PlyCount "44"]
[EventDate "2010.08.20"]
[EventType "swiss"]
[EventRounds "10"]
[EventCountry "ESP"]
[Source "lmi"]
[SourceDate "2010.08.20"]

1. d4 Nf6 2. c4 d6 3. Nc3 Nbd7 4. e4 e5 5. Nge2 c6 6. f3 Be7 7. Be3 O-O 8. d5
a6 9. Qd2 cxd5 10. cxd5 b5 11. Ng3 Nb6 12. a4 b4 13. Nd1 a5 14. b3 Nfd7 15. Nf5
Nc5 16. Nxe7+ Qxe7 17. Bxc5 dxc5 18. Ne3 Qd6 19. Rc1 Bd7 20. Bd3 Rac8 21. O-O
Rc7 22. Rfe1 Rfc8 1/2-1/2

[Event "12. Open de Sants 2010"]
[Site "Barcelona ESP"]
[Date "2010.08.27"]
[Round "8.12"]
[White "Mamedov, Nidjat"]
[Black "Rojas Keim, Luis"]
[Result "0-1"]
[WhiteElo "2604"]
[BlackElo "2437"]
[PlyCount "58"]
[EventDate "2010.08.20"]
[EventType "swiss"]
[EventRounds "10"]
[EventCountry "ESP"]
[Source "lmi"]
[SourceDate "2010.08.20"]

1. e4 g6 2. d4 Bg7 3. Nc3 d6 4. f4 Nf6 5. Nf3 O-O 6. Be3 c6 7. h3 Qa5 8. Bd3
Nbd7 9. e5 dxe5 10. fxe5 Nd5 11. Bd2 Qb6 12. Bc4 Nb4 13. h4 c5 14. Na4 Qc6 15.
Nxc5 Nxe5 16. Be2 Nxf3+ 17. Bxf3 Qb6 18. c3 Nc6 19. b4 a5 20. Na4 Qc7 21. b5
Nxd4 22. cxd4 Bxd4 23. Kf1 Bxa1 24. Qxa1 Qc4+ 25. Kg1 Qxa4 26. Bh6 f6 27. Bd5+
Rf7 28. h5 Bf5 29. hxg6 Bxg6 0-1

[Event "12. Open de Sants 2010"]
[Site "Barcelona ESP"]
[Date "2010.08.27"]
[Round "8.14"]
[White "Cori Tello, Deysi"]
[Black "Aroshidze, Levan"]
[Result "1/2-1/2"]
[WhiteElo "2403"]
[BlackElo "2548"]
[PlyCount "119"]
[EventDate "2010.08.20"]
[EventType "swiss"]
[EventRounds "10"]
[EventCountry "ESP"]
[Source "lmi"]
[SourceDate "2010.08.20"]

1. d4 Nf6 2. c4 c5 3. d5 g6 4. Nc3 Bg7 5. e4 d6 6. f4 O-O 7. Nf3 e6 8. dxe6
Bxe6 9. Bd3 Nc6 10. O-O Nd4 11. h3 Nd7 12. Kh1 Nb6 13. Nd5 Bxd5 14. exd5 Nxf3
15. Qxf3 Nd7 16. f5 Qh4 17. Qd1 Rae8 18. Rb1 Be5 19. Be3 Nf6 20. Rf3 Nh5 21.
Bf2 Ng3+ 22. Kg1 Bd4 23. Qc2 Nh5 24. Kf1 Qg5 25. g4 Bxf2 26. Qxf2 Nf6 27. Rf4
Nd7 28. h4 Qd8 29. g5 Ne5 30. Bc2 f6 31. gxf6 Rxf6 32. Kg2 Ref8 33. Kh1 Kh8 34.
Rg1 gxf5 35. Rg5 Ng6 36. Rf3 Ne5 37. Rf4 Ng6 38. Rf3 Qe7 39. b3 f4 40. Bxg6
hxg6 41. Qg2 Qe1+ 42. Kh2 Re8 43. Qf1 Kh7 44. Qxe1 Rxe1 45. Rg2 Kh6 46. Kh3 Rf5
47. Kg4 Rh1 48. Rxf4 Rxh4+ 49. Kxh4 Rxf4+ 50. Kg3 Kg5 51. Re2 Rd4 52. Re7 Rd3+
53. Kf2 Rd2+ 54. Ke3 Rxa2 55. Rxb7 Ra3 56. Ke4 Kf6 57. Rd7 g5 58. Rh7 Kg6 59.
Rd7 Kf6 60. Rh7 1/2-1/2